书目信息 |
| 题名: |
巴尔蒂斯画集
|
|
| 作者: | 巴尔蒂斯 绘 | |
| 分册: | ||
| 出版信息: | 南京 江苏美术出版社 1998.06 |
|
| 页数: | 46页 | |
| 开本: | 28cm | |
| 丛书名: | 西方艺术大师名作丛书 | |
| 单 册: | ||
| 中图分类: | J233(565) | |
| 科图分类: | ||
| 主题词: | 油画--you hua--法国--现代 | |
| 电子资源: | ||
| ISBN: | 7-5344-0784-2 | |
| 000 | 00871nam 2200253 450 | |
| 001 | 012008653680 | |
| 005 | 20080424154613.95 | |
| 010 | @a7-5344-0784-2@dCNY28.00 | |
| 100 | @a20080424d1998 km y0chiy0120 ea | |
| 101 | 1 | @achi@cfre |
| 102 | @aCN@b320000 | |
| 105 | @aa z 000yy | |
| 106 | @ar | |
| 200 | 1 | @a巴尔蒂斯画集@Aba er di si hua ji@f(法) 巴尔蒂斯绘@F(fa)ba er di si hui |
| 210 | @a南京@c江苏美术出版社@d1998.06 | |
| 215 | @a46页@c图@d28cm | |
| 225 | 2 | @a西方艺术大师名作丛书@Axi fang yi shu da shi ming zuo cong shu |
| 330 | @a巴尔蒂斯出生于巴黎祖籍波兰,一次大战后全家漂泊于德国和瑞士。他的经历恰如他的绘画,平稳而隐匿。 | |
| 410 | 0 | @12001 @a西方艺术大师名作丛书 |
| 606 | 0 | @a油画@Ayou hua@y法国@z现代 |
| 690 | @aJ233(565)@v4 | |
| 701 | 1 | @a巴尔蒂斯@Aba er di si@e法国@4绘 |
| 801 | 0 | @aCN@bQSSK@c20080424 |
| 905 | @b20704436-38@dJ233(565)@eB020@f3 | |
| 巴尔蒂斯画集/(法) 巴尔蒂斯绘.-南京:江苏美术出版社,1998.06 |
| 46页:图;28cm.-(西方艺术大师名作丛书) |
| ISBN 7-5344-0784-2:CNY28.00 |
| 巴尔蒂斯出生于巴黎祖籍波兰,一次大战后全家漂泊于德国和瑞士。他的经历恰如他的绘画,平稳而隐匿。 |
| ● |
| 相关链接 |
|
|
|
正题名:巴尔蒂斯画集
索取号:J233(565)/B020
 
预约/预借
| 序号 | 登录号 | 条形码 | 馆藏地/架位号 | 状态 | 备注 |
| 1 | 704436 | 207044367 | 社科库309/309社科库 77排4列5层/ [索取号:J233(565)/B020] | 在馆 | |
| 2 | 704437 | 207044376 | 社科库309/309社科库 77排4列5层/ [索取号:J233(565)/B020] | 在馆 | |
| 3 | 704438 | 207044385 | 社科库309/309社科库 77排4列5层/ [索取号:J233(565)/B020] | 在馆 |